Biogas from Waste and Renewable Resources An Introduction
Enregistré dans:
| Auteur principal: | |
|---|---|
| Autres auteurs: | |
| Format: | Livre |
| Langue: | anglais |
| Publié: |
Weinheim
Wiley-VCH Verlag
2008
|
| Sujets: | |
| Accès en ligne: | Voir à l'OPAC |
| Tags: |
Pas de tags, Soyez le premier à ajouter un tag!
|
MARC
| LEADER | 00000nam a2200000 a 4500 | ||
|---|---|---|---|
| 005 | 20260127134147.0 | ||
| 008 | 080415 2008 gw 000 0 eng d | ||
| 020 | |a 9783527318414 | ||
| 035 | |a vtls009285239 | ||
| 039 | 9 | |a 200804151410 |b mschk02 |c 200804150952 |d msnk01 |y 200804150937 |z mschk02 | |
| 040 | |a STUSCHK1 |b slo |c STUSCHK1 |e AACR2 | ||
| 080 | |a 662.76 | ||
| 100 | 1 | |a Deublein, Dieter | |
| 245 | 1 | 0 | |a Biogas from Waste and Renewable Resources |b An Introduction |c Dieter Deublein, Angelika Steinhauser |
| 260 | |a Weinheim |b Wiley-VCH Verlag |c 2008 | ||
| 300 | |a xxiv, 443 p |b ill. |c 24,5 cm | ||
| 650 | 7 | |a Biogas |2 SNKPH | |
| 700 | 1 | |a Steinhauser, Angelika | |
| 910 | |a SCHK95 | ||
| 919 | |a 978-3-527-31841-4 | ||
| 999 | |c 5486 |d 5486 | ||